000 00437nam a2200181Ia 4500
005 20250603145752.0
008 250603s9999 xx 000 0 und d
020 _a9780198068815
050 _aTA 684 .S83/
100 _aSubramaniaan, Narayanan.
245 0 _aSteel structures: Design & pratice.
260 _aIndia.
260 _bOxford university press
260 _c2010
300 _a768 p
650 _aIndia.
942 _cBK
999 _c42798
_d42798